Pokémon - Les attaques de Trousselin - Statistiques

Statistiques générales
  • Ce quiz a été pris 16 fois
    8 depuis la dernière actualisation
  • Le résultat moyen est 9 sur 14
Statistiques - réponses
Niveaux Types Noms des attaques % Correct
Niveau 40 Fée Câlinerie
100%
Départ Spectre Étonnement
100%
Niveau 36 Acier Luminocanon
100%
Niveau 16 Fée Verrou Enchanté
100%
Niveau 4 Normal Charge
67%
Niveau 20 Acier Strido-Son
67%
Niveau 12 Ténèbres Tourmente
67%
Niveau 48 Ténèbres Tricherie
67%
Niveau 24 Fée Vampibaiser
67%
Niveau 8 Fée Vent Féérique
67%
Niveau 44 Psy Zone Magique
67%
Niveau 52 Normal Dernier Recours
33%
Niveau 32 Psy Possessif
33%
Niveau 28 Normal Recyclage
0%
Aucun quiz correspondant
Distribution des résultats
% des personnes avec chaque résultat
Percentile par nombre de réponses
Votre historique - résultats
Vous n’avez pas pris ce quiz depuis la dernière actualisation